| 000 | 00557nam a22001817a 4500 | ||
|---|---|---|---|
| 005 | 20251108172937.0 | ||
| 008 | 250721s2005 xx 000 0 ara d | ||
| 082 | 1 | 4 | _a741.7/عبد |
| 100 | 1 | _aعبده، محمد نبيل حامد | |
| 245 | 1 | 0 | _aالظل و الظلال الهندسي / |
| 264 | 1 |
_aعمان : _bدار البداية للنشر و التوزيع، _c2005. |
|
| 300 | _a154 ص | ||
| 650 | 1 | 7 | _aالظل |
| 650 | 1 | 7 | _aمناطق الضوء |
| 650 | 1 | 7 | _aفنون الرسوم التصويرية |
| 942 |
_2ddc _cBK |
||
| 999 |
_c92434 _d92434 |
||